|
|
|
|
| LEADER |
00000nam a2200000 a 4500 |
| 001 |
vtls008353880 |
| 003 |
SK-MaSNL |
| 005 |
20260425230609.0 |
| 008 |
230403s1960 xo slo |
| 015 |
|
|
|a SNBA1960/09-01487
|
| 035 |
|
|
|a SK01SNK19600046097
|
| 035 |
|
|
|a urn:nbn:sk:snk-amlpt9
|
| 035 |
|
|
|a urn:nbn:sk:snk-am00c1bd
|
| 035 |
|
|
|a 578794DC-ABAF-422C-973D-B6679712788F
|
| 035 |
|
|
|a SKM000048560
|
| 040 |
|
|
|a SNK
|b slo
|c SNK
|e AACR2
|
| 041 |
1 |
|
|a slo
|
| 044 |
|
|
|a xo
|
| 080 |
|
|
|a 741/744(474.2+474.3+474.5)
|2 1981
|
| 245 |
0 |
0 |
|a Výstava grafiky Estónskej SSR, Lotyšskej SSR, Litovskej SSR
|
| 260 |
|
|
|a Bratislava
|b Vydavateľstvo Slovenského fondu výtvarných umení
|c 1960
|e Bratislava
|f Polygrafické závody
|
| 300 |
|
|
|a [31] s.
|c 8°
|
| 500 |
|
|
|a Ukážky. Zoznam vystavených diel
|
| 648 |
|
7 |
|a 1960
|2 SNK
|9 307314
|
| 650 |
0 |
7 |
|a estónska grafika
|2 SNKPH
|9 428285
|
| 650 |
0 |
7 |
|a lotyšská grafika
|2 SNKPH
|9 428286
|
| 650 |
0 |
7 |
|a litovská grafika
|2 SNKPH
|9 146180
|
| 650 |
0 |
7 |
|a výstavy
|2 SNKPH
|9 2780
|
| 651 |
|
7 |
|a Bratislava (Slovensko)
|2 SNKPHgeo
|9 14568
|
| 655 |
|
7 |
|a katalógy výstav
|2 SNKPH
|9 70445
|
| 852 |
|
|
|a Slovenská národná knižnica
|
| 954 |
|
|
|a odborná, vedecká literatúra pôvodná (slovenská)
|2 lita
|
| 958 |
|
|
|a OND
|
| 958 |
|
|
|a EUIPO
|
| 958 |
|
|
|a RK
|
| 999 |
|
|
|c 680341
|d 682271
|
| 952 |
|
|
|a SNK
|b SNK
|y PREZ
|7 0
|p 17A0662293
|o snkSD 18766
|i snkKSP 2546/60
|0 0
|1 0
|4 0
|d 2010-06-21
|f 1
|l 0
|r 2025-12-02 00:00:00
|w 2026-02-23
|